Statistiken für Die größten Fußballstadien in Deutschland

Klicken Sie hier um das Quiz zu spielen!

Allgemein

  • Dieses Quiz wurde 73 mal gespielt
  • Das Durchschnittsergebnis liegt bei 26 aus 106

Antwortstatistiken

KapazitätNameOrt% Korrekt
75.000Allianz-ArenaMünchen
98%
81.365Signal-Iduna-ParkDortmund
94%
74.064OlympiastadionBerlin
92%
69.250OlympiastadionMünchen
92%
42.100Wohninvest WeserstadionBremen
76%
47.069RB ArenaLeipzig
74%
57.000VolksparkstadionHamburg
69%
60.449MHP-ArenaStuttgart
66%
58.000Deutsche Bank ParkFrankfurt
65%
49.850Fritz-Walter-StadionKaiserslautern
63%
54.042Borussia-ParkMönchengladbach
61%
50.000Max-Morlock-StadionNürnberg
56%
50.000RheinEnergieStadionKöln
55%
30.210BayArenaLeverkusen
52%
54.600Merkur Spiel-ArenaDüsseldorf
52%
22.012Stadion An der Alten FörstereiBerlin
52%
34.700Europa Park StadionFreiburg
50%
29.546Millerntor-StadionHamburg
50%
27.599Vonovia RuhrstadionBochum
50%
29.000OstseestadionRostock
48%
28.917Volkswagen-ArenaWolfsburg
48%
33.305Mewa ArenaMainz
45%
34.302BBBank WildparkKarlsruhe
42%
49.000Heinz-von-Heiden-ArenaHannover
42%
32.960Neuer TivoliAachen
42%
27.332SchücoArenaBielefeld
40%
30.660WWK ArenaAugsburg
37%
15.000Stadion Rote ErdeDortmund
35%
62.271Veltnis-ArenaGelsenkirchen
34%
24.000DreisamstadionFreiburg
32%
15.900Stadion der FreundschaftGera
32%
22.528Stadion der FreundschaftCottbus
32%
19.962Stadion an der HafenstraßeEssen
29%
23.325Eintracht-StadionBraunschweig
27%
17.400Merck-Stadion am BöllenfalltorDarmstadt
27%
15.000Preußen-StadionMünster
27%
30.150PreZero ArenaSinsheim
27%
16.279WaldstadionWeismain
27%
16.488WaldstadionHomburg/Saar
27%
31.514Schauinsland-Reisen-ArenaDuisburg
26%
25.721Carl-Benz-StadionMannheim
24%
17.000JahnstadionGöttingen
24%
15.210JahnstadionRegensburg
24%
16.098Stadion an der Bremer BrückeOsnabrück
24%
32.066Rudolf-Harbig-StadionDresden
23%
23.067Stadion am ZooWuppertal
23%
15.000Voith-ArenaHeidenheim
23%
15.729AUDI SportparkIngolstadt
21%
15.034Kieler Holstein-StadionKiel
21%
16.003LudwigsparkstadionSaarbrücken
21%
17.000DonaustadionUlm
19%
30.098MDCC-ArenaMagdeburg
19%
18.737AuestadionKassel
18%
16.485ErzgebirgsstadionAue
18%
34.500GrotenburgKrefeld
18%
15.000Städtisches Stadion an der Grünwalder StraßeMünchen
18%
20.500Stadion am Bieberer BergOffenbach
16%
21.000SteigerwaldstadionErfurt
16%
15.414GP Stadion am HardtwaldSandhausen
15%
21.500Hans-Walter-Wild-StadionBayreuth
15%
15.306Home-Deluxe-ArenaPaderborn
15%
25.000BodenseestadionKonstanz
13%
15.000BRITA-ArenaWiesbaden
13%
15.292Dietmar-Scholze-Stadion an der LohmühleLübeck
13%
26.443RosenaustadionAugsburg
13%
15.057Leuna-Chemie-StadionHalle/Saale
10%
16.626Sportpark RonhofFürth
10%
18.000EllenfeldstadionNeunkirchen/Saar
8%
15.479Stadion - An der GellertstraßeChemnitz
8%
16.233LohrheidestadionBochum-Wattenscheid
6%
15.200MarschwegstadionOldenburg
6%
15.228Stadion an der KreuzeicheReutlingen
6%
41.383SüdweststadionLudwigshafen
6%
19.708Friedrich-Ludwig-Jahn-SportparkBerlin
5%
20.000Paul-Greifzu-StadionDessau-Roßlau
5%
15.053Stadion im uhlsport ParkUnterhaching
5%
17.284FrankenstadionHeilbronn
3%
18.716LeimbachstadionSiegen
3%
32.000Polygonvatro-ArenaHerne
3%
20.500Stadion des FriedensLeipzig
3%
17.165Stadion NiederrheinOberhausen
3%
16.000Herbert-Dröse-StadionHanau
2%
16.500IschelandstadionHagen
2%
18.400Ludwig-Jahn-StadionHerford
2%
15.000ReiterwaldstadionVechta
2%
37.612Stadion GladbeckGladbeck
2%
17.600VfL-Stadion am ElsterwegWolfsburg
2%
15.000Bezirkssportanlage OststraßeGelsenkirchen
0%
25.000BilltalstadionHamburg
0%
23.767Heinz-Steyer-StadionDresden
0%
15.000Kampfbahn KlingerhufNeukirchen-Vluyn
0%
15.000Karl-Heitz-StadionOffenburg
0%
19.000Max-Reimann-StadionCottbus
0%
15.000MünchfeldstadionRastatt
0%
16.000Rudolf-Kalweit-StadionHannover
0%
15.000Sachs-StadionSchweinfurt
0%
15.200Seppl-Herberger-Stadion am AlsenwegMannheim
0%
25.000Skatbank-ArenaAltenburg
0%
34.000Speed Stadion Motorom HalbemondHalbemond
0%
15.000Sport- & Freizeitanlage Hoesch-ParkDortmund
0%
15.000Sportanlage ZeppelinfeldNürnberg
0%
15.500Stadion am QuenzBrandenburg/Havel
0%
15.000Stadion Bezirkssportanlage Karl-Hohmann-StraßeDüsseldorf
0%
19.220Stadion im Sportforum ChemnitzChemnitz
0%
18.000Stadion JohannisauFulda
0%
21.680Südstadion am HaidekampGelsenkirchen
0%

Verteilung der Resultate

Perzentil nach korrekt beantworteten Fragen

Anzahl Personen mit jedem Resultat

Ihre Resultats-Entwicklung

Sie haben dieses Quiz noch nicht gespielt